[Event "7th Cattolica Open-A 2020"]
[Site "Cattolica"]
[Date "2020.09.01"]
[Round "2.1"]
[White "Krallis, Christos"]
[Black "Studer, Noel"]
[Result "0-1"]
[WhiteElo "2402"]
[BlackElo "2573"]
[Annotator "TA"]
[PlyCount "72"]
[EventDate "2020.08.31"]
[EventType "swiss"]
[EventCountry "ITA"]
[SourceTitle "playchess.com"]
[Source "ChessBase"]
[SourceQuality "1"]

{[%evp 13,72,26,56,27,17,28,32,12,0,0,21,-7,7,-15,-22,-12,-14,-116,-106,-76,0,-57,6,2,308,300,300,299,303,291,287,304,362,0,0,0,0,-37,-35,-1025,-918,-909,-901,-959,-951,-959,-959,-964,-954,-931,-932,-870,-906,-989,-978,-1042,-1075,-991,-875,-29993,-29994]} 1. d4 Nf6 2. c4 e6 3. Nf3 d5 4. g3 dxc4 5. Bg2 a6 6. O-O Nc6 7. e3 Rb8 {seems to push 7...Bd7 aside.} 8. Qe2 {E04: Open Catalan: 5 Nf3.} b5 9. b3 cxb3 10. axb3 {White is slightly better.} Bd6 11. Bb2 Bb7 $5 {[%mdl 4] Leaves trodden paths.} 12. e4 {Black must now prevent e5.} Be7 $1 13. d5 exd5 14. exd5 Qxd5 {[#] ...0-0 is the strong threat.} 15. Bxf6 $146 (15. Nh4 $11 {keeps the balance.} Qe6 16. Re1) ({Predecessor:} 15. Rd1 Qe6 16. Qc2 Nb4 17. Qxc7 Qc8 18. Qe5 Nc6 19. Qf4 O-O 20. Nc3 Qe6 21. Re1 Qxb3 {0-1 (47) Sonis,F (2456)-Zanan,E (2493) Montebelluna 2019}) 15... gxf6 $17 16. Re1 Kf8 (16... O-O $1 $17 17. Nh4 Qg5) 17. Nc3 (17. Nh4 $11 Qe5 18. Qxe5 fxe5 19. Nf5) 17... Qh5 ({Black should play} 17... Qxb3 $15 18. Nd4 Nxd4 19. Qxe7+ Kg7 20. Bxb7 Rxb7) 18. Rad1 $11 {aiming for Nd5.} Bb4 $2 {[%mdl 8192] [#]} (18... Kg7 $11 {and Black is okay.}) 19. Nd5 $1 $18 {[%cal Rd5f6]} Bxe1 20. Nxf6 Qf5 21. Nd7+ Kg7 {Strongly threatening ...Rbe8.} 22. Qb2+ f6 {[#] Threatens to win with ...Rbd8.} 23. Nxf6 $2 {[#]} (23. g4 $1 $18 {[%cal Rg4f5]} Bxf2+ 24. Kxf2) 23... Bxf2+ $1 $11 24. Kxf2 {White wants to mate with Nh5+!} (24. Qxf2 Rhd8) 24... Ne5 {[%cal Rb7f3]} (24... Qxf6 $5 25. Rd7+ $8 Kg6 26. Qb1+ Qf5 27. Rg7+ Kxg7 28. Qxf5 Rhf8 29. Qg5+ Kh8 $11) 25. Nh5+ (25. Ng4 $5 {[%cal Rd1d7]} Bxf3 26. Rd7+ {[%mdl 64] Double Attack} Kf8 27. Nxe5 Bc6+ 28. Nf3 $15) 25... Kh6 26. Rd4 $2 {[%mdl 8192]} (26. Qxe5 $15 Qxe5 27. Nxe5 Kxh5 28. Nd7) 26... Nxf3 27. Qc1+ Qg5 ({Less strong is} 27... Kxh5 28. g4+ Qxg4 29. Rxg4 $17) 28. Rf4 Kxh5 29. Bxf3+ Bxf3 {[%mdl 64] Pin} 30. Rh4+ Kg6 31. Qc2+ {[#]} Be4 $1 32. Rxe4 (32. Qxe4+ Qf5+) 32... Rhf8+ (32... Qf5+ 33. Kg1 $15) 33. Kg1 Kg7 ({Stronger than} 33... Qf5 34. Rg4+ Kh6 35. Qc1+ Kh5 36. Rh4+ Kg6 37. Qh6+ {[%mdl 64] Double Attack} Kf7 38. Rf4 $11) 34. Qxc7+ Kg8 35. h4 Qg7 36. Re7 Qd4+ {Accuracy: White = 56%, Black = 58%.} 0-1

[Event "7th Cattolica Open-A 2020"]
[Site "Cattolica"]
[Date "2020.09.01"]
[Round "2.2"]
[White "Degraeve, Jean-Marc"]
[Black "Alanic, Mickael"]
[Result "1-0"]
[WhiteElo "2530"]
[BlackElo "2306"]
[Annotator "RC"]
[PlyCount "55"]
[EventDate "2020.08.31"]
[EventType "swiss"]
[EventCountry "ITA"]
[SourceTitle "playchess.com"]
[Source "ChessBase"]
[SourceQuality "1"]
[TimeControl "5400+30"]

1. e4 {[%emt 0:00:00]} e5 {[%emt 0:00:00]} 2. Nf3 {[%emt 0:00:28]} Nc6 {[%emt 0:00:00]} 3. Nc3 {[%emt 0:00:23]} Nf6 {[%emt 0:00:35]} 4. Bb5 {[%emt 0:02:25]} Bb4 {[%emt 0:00:13]} 5. O-O {[%emt 0:02:09]} O-O {[%emt 0:01:23]} 6. Bxc6 {[%emt 0:01:21]} bxc6 {[%emt 0:01:02]} 7. Nxe5 {[%emt 0:02:09]} Bxc3 {[%emt 0:02:54]} 8. dxc3 {[%emt 0:01:38]} Re8 {[%emt 0:05:16]} 9. Bf4 {[%emt 0:01:08]} Nxe4 {[%emt 0:00:40]} 10. Re1 {[%emt 0:01:56]} Nf6 {[%emt 0:14:33]} 11. Qf3 {[%emt 0:11:05]} Rb8 {[%emt 0:16:28]} 12. b3 {[%emt 0:06:05]} Re6 {[%emt 0:19:15]} 13. c4 {[%emt 0:07:31]} c5 {[%emt 0:13:25]} 14. Bg5 {[%emt 0:06:14]} h6 {[%emt 0:01:20]} 15. Bxf6 {[%emt 0:04:21]} Qxf6 {[%emt 0:08:45]} 16. Qxf6 {[%emt 0:00:28]} Rxf6 {[%emt 0:03:06]} 17. Nd3 {[%emt 0:02:06]} Kf8 {[%emt 0:03:59]} 18. Nxc5 {[%emt 0:00:32]} Rf5 {[%emt 0:00:25]} 19. Na4 {[%emt 0:01:45]} Bb7 {[%emt 0:02:13]} 20. Re3 {[%emt 0:02:04]} Rg5 {[%emt 0:00:11]} 21. f3 {[%emt 0:00:12]} Re8 {[%emt 0:00:13]} 22. Rae1 {[%emt 0:00:06]} Re6 {[%emt 0:00:33]} 23. Kf2 {[%emt 0:00:56]} Rf5 {[%emt 0:01:14]} 24. Nc3 {[%emt 0:01:14]} a6 {[%emt 0:00:07]} 25. Rd1 {[%emt 0:00:40]} Rg5 {[%emt 0:03:09]} 26. Rxe6 {[%emt 0:01:21]} dxe6 {[%emt 0:00:07]} 27. Rd7 {[%emt 0:00:25]} Rc5 {[%emt 0:00:07]} 28. Na4 {[%emt 0:00:05]} 1-0

[Event "7th Cattolica Open-A 2020"]
[Site "Cattolica"]
[Date "2020.09.01"]
[Round "2.3"]
[White "Le Goff, Damien"]
[Black "Van Foreest, Lucas"]
[Result "1-0"]
[WhiteElo "2281"]
[BlackElo "2531"]
[Annotator "RC"]
[PlyCount "135"]
[EventDate "2020.08.31"]
[EventType "swiss"]
[EventCountry "ITA"]
[SourceTitle "playchess.com"]
[Source "ChessBase"]
[SourceQuality "1"]
[TimeControl "5400+30"]

1. e4 {[%emt 0:04:19]} g6 {[%emt 0:00:00]} 2. d4 {[%emt 0:00:24]} Bg7 {[%emt 0:00:00]} 3. Nc3 {[%emt 0:00:26]} d6 {[%emt 0:00:00]} 4. Be3 {[%emt 0:00:41]} a6 {[%emt 0:00:14]} 5. Qd2 {[%emt 0:01:20]} b5 {[%emt 0:00:14]} 6. h4 {[%emt 0:00:56]} h5 {[%emt 0:12:29]} 7. Bd3 {[%emt 0:12:31]} Nc6 {[%emt 0:28:04]} 8. Nf3 {[%emt 0:22:25]} e5 {[%emt 0:00:15]} 9. d5 {[%emt 0:05:44]} Nce7 {[%emt 0:00:08]} 10. Ng5 {[%emt 0:07:39]} f6 {[%emt 0:01:11]} 11. Nh3 {[%emt 0:00:22]} Nh6 {[%emt 0:00:09]} 12. f3 {[%emt 0:00:39]} Nf7 {[%emt 0:00:28]} 13. a4 {[%emt 0:01:21]} b4 {[%emt 0:00:28]} 14. Ne2 {[%emt 0:01:02]} a5 {[%emt 0:00:19]} 15. Bb5+ {[%emt 0:06:19]} Bd7 {[%emt 0:07:21]} 16. c4 {[%emt 0:01:25]} O-O {[%emt 0:00:35]} 17. O-O-O {[%emt 0:02:52]} c6 {[%emt 0:02:29]} 18. dxc6 {[%emt 0:00:11]} Be6 {[%emt 0:01:36]} 19. b3 {[%emt 0:06:31]} Qc8 {[%emt 0:01:16]} 20. Kb1 {[%emt 0:00:32]} Nxc6 {[%emt 0:00:20]} 21. Ka2 {[%emt 0:03:13]} Na7 {[%emt 0:02:11]} 22. Nf2 {[%emt 0:03:09]} Rd8 {[%emt 0:00:58]} 23. Bxa7 {[%emt 0:01:17]} Rxa7 {[%emt 0:00:11]} 24. g4 {[%emt 0:00:45]} Bh6 {[%emt 0:02:06]} 25. Qd3 {[%emt 0:02:39]} Qc5 {[%emt 0:00:26]} 26. Rh2 {[%emt 0:03:49]} Kh8 {[%emt 0:01:15]} 27. Rg1 {[%emt 0:03:09]} Be3 {[%emt 0:06:30]} 28. Rgg2 {[%emt 0:00:31]} Rg8 {[%emt 0:02:43]} 29. Nd1 {[%emt 0:00:13]} Bh6 {[%emt 0:03:00]} 30. gxh5 {[%emt 0:00:07]} g5 {[%emt 0:03:17]} 31. Ne3 {[%emt 0:00:26]} gxh4 {[%emt 0:00:19]} 32. Rxg8+ {[%emt 0:00:27]} Kxg8 {[%emt 0:00:03]} 33. Nf5 {[%emt 0:00:55]} Bxf5 {[%emt 0:00:24]} 34. exf5 {[%emt 0:00:04]} Bg5 {[%emt 0:00:35]} 35. Qe4 {[%emt 0:01:43]} d5 {[%emt 0:00:24]} 36. Qxd5 {[%emt 0:01:21]} Qxd5 {[%emt 0:00:04]} 37. cxd5 {[%emt 0:00:04]} Rc7 {[%emt 0:00:32]} 38. Bd3 {[%emt 0:02:35]} Kg7 {[%emt 0:02:19]} 39. f4 {[%emt 0:02:03]} exf4 {[%emt 0:00:27]} 40. Nd4 {[%emt 0:00:02]} Rc3 {[%emt 0:01:22]} 41. Rh3 {[%emt 0:01:26]} f3 {[%emt 0:07:52]} 42. Rxf3 {[%emt 0:00:00]} Ne5 {[%emt 0:00:00]} 43. d6 {[%emt 0:00:00]} Kf7 {[%emt 0:00:00]} 44. d7 {[%emt 0:00:00]} Ke7 {[%emt 0:00:00]} 45. Ne6 {[%emt 0:00:47]} Kxd7 {[%emt 0:00:28]} 46. Bb5+ {[%emt 0:00:16]} Ke7 {[%emt 0:00:14]} 47. Rxc3 {[%emt 0:00:23]} bxc3 {[%emt 0:00:03]} 48. Kb1 {[%emt 0:01:24]} h3 {[%emt 0:00:49]} 49. Bf1 {[%emt 0:01:27]} h2 {[%emt 0:00:02]} 50. Bg2 {[%emt 0:00:04]} Ng4 {[%emt 0:01:02]} 51. Nd4 {[%emt 0:01:14]} Bf4 {[%emt 0:00:13]} 52. Bf3 {[%emt 0:01:16]} Nf2 {[%emt 0:01:53]} 53. Kc2 {[%emt 0:00:23]} h1=Q {[%emt 0:03:04]} 54. Bxh1 {[%emt 0:00:03]} Nxh1 {[%emt 0:00:11]} 55. Nc6+ {[%emt 0:01:57]} Kd7 {[%emt 0:00:19]} 56. Nxa5 {[%emt 0:00:09]} Ng3 {[%emt 0:00:21]} 57. Kxc3 {[%emt 0:00:04]} Nxf5 {[%emt 0:00:13]} 58. Kd3 {[%emt 0:00:21]} Ng3 {[%emt 0:00:19]} 59. Nc4 {[%emt 0:00:13]} Nxh5 {[%emt 0:00:11]} 60. Ke4 {[%emt 0:00:28]} Ke6 {[%emt 0:00:22]} 61. a5 {[%emt 0:00:07]} Bb8 {[%emt 0:00:20]} 62. b4 {[%emt 0:00:14]} Ng3+ {[%emt 0:00:10]} 63. Kd4 {[%emt 0:00:14]} Nf5+ {[%emt 0:01:23]} 64. Kc5 {[%emt 0:01:21]} Nd6 {[%emt 0:01:10]} 65. Nxd6 {[%emt 0:00:48]} Bxd6+ {[%emt 0:03:34]} 66. Kc6 {[%emt 0:00:13]} f5 {[%emt 0:01:04]} 67. a6 {[%emt 0:00:22]} Bb8 {[%emt 0:00:02]} 68. b5 {[%emt 0:00:23]} 1-0

[Event "7th Cattolica Open-A 2020"]
[Site "Cattolica"]
[Date "2020.09.01"]
[Round "2.4"]
[White "David, Alberto"]
[Black "Papadiamandis, Elliot"]
[Result "1-0"]
[WhiteElo "2520"]
[BlackElo "2204"]
[Annotator "TA"]
[PlyCount "117"]
[EventDate "2020.08.31"]
[EventType "swiss"]
[EventCountry "ITA"]
[SourceTitle "playchess.com"]
[Source "ChessBase"]
[SourceQuality "1"]

{[%evp 18,117,24,21,42,28,31,23,22,22,19,16,14,10,18,15,22,13,29,10,10,-30,-25,-28,17,25,22,0,39,33,35,36,31,13,52,-14,164,159,161,151,177,177,176,180,175,175,195,180,229,169,154,103,94,86,163,44,44,45,281,281,288,278,287,280,284,258,266,265,251,250,266,266,271,259,277,272,280,275,329,316,427,418,420,398,433,437,435,444,432,395,404,401,442,436,412,420,384,376,353,313,418,350]} 1. e4 c5 2. Nf3 d6 3. c3 Nf6 4. Bd3 Bg4 5. h3 Bxf3 6. Qxf3 Nc6 7. Bc2 g6 8. d3 Bg7 9. O-O O-O 10. Qe2 Rb8 {B50: Sicilian: 2...d6, Miscellaneous.} 11. Be3 b5 12. Nd2 b4 {[#] White has an edge.} 13. Ba4 $146 ({Predecessor:} 13. d4 bxc3 14. bxc3 cxd4 15. cxd4 Nd7 16. Nf3 Qa5 17. Bb3 e5 18. Rfd1 exd4 19. Nxd4 Nxd4 20. Bxd4 Bxd4 21. Rxd4 Rxb3 22. Rxd6 Nb6 23. Rad1 Ra3 24. R1d2 Qe5 25. g3 Ra4 {0-1 (25) Dalmau,J-Gretarsson,A (2315) Stockholm 1991}) 13... bxc3 14. bxc3 Qb6 15. Bb3 Nd7 16. Rfc1 Rfc8 17. f4 Qd8 18. Nc4 Nb6 19. f5 Nxc4 $1 20. Bxc4 Qd7 21. Rf1 {Black must now prevent fxg6.} Rf8 22. Rac1 Ne5 23. Bb3 c4 24. dxc4 a5 25. c5 {cxd6 is the strong threat.} dxc5 26. Bxc5 (26. Rcd1 $14 Qc7 27. Rd5) 26... g5 $2 (26... a4 $1 $11 27. Bc2 Rb2) 27. Rcd1 $18 Qc7 28. Rd5 Ra8 29. Bd4 a4 30. Rc5 Qd6 31. Bd5 Rab8 32. Ra5 a3 33. Ra6 Rb2 34. Rxd6 (34. Qxb2 $142 $1 Qxa6 35. Qc1) 34... Rxe2 $16 {[#]} 35. Ra6 $1 $36 {[%mdl 2048] White is on the roll.} Nd3 (35... Nd7 $16 {was necessary.}) 36. Bxg7 ({White should try} 36. Bc4 $18 Bxd4+ 37. cxd4) 36... Kxg7 $14 37. Bc4 Rd2 $2 {[#] Black is now going downhill.} (37... Re3 $1 $14) 38. f6+ $1 $18 {[%mdl 64] Overworked Piece} ({Weaker is} 38. Rxa3 Nf4 $16) 38... exf6 39. Rd6 ({And not} 39. Rfxf6 Nf4 $11) 39... Ne5 40. Rxd2 Nxc4 {[%mdl 4096] Endgame KRR-KRN} 41. Rdf2 Ne3 42. Re1 ({Inferior is} 42. Rxf6 Nxf1 43. Rxf1 Rd8 $11) 42... Nc4 43. Rd1 Rc8 44. Rd4 Rc6 45. Re2 h5 46. Kf2 Kg6 47. Ke1 h4 48. Kd1 f5 49. exf5+ Kxf5 50. Kc2 Ne5 51. Ra4 Nc4 52. Kb3 Nd6 53. Rf2+ Kg6 54. Rxa3 Ne4 55. Rc2 f5 56. Ra5 g4 57. hxg4 fxg4 58. Re5 Ng5 59. Rf2 {Accuracy: White = 81%, Black = 63%.} 1-0

[Event "7th Cattolica Open-A 2020"]
[Site "Cattolica"]
[Date "2020.09.01"]
[Round "2.5"]
[White "Kasioumis, Vasilios"]
[Black "Bailet, Pierre"]
[Result "0-1"]
[WhiteElo "2356"]
[BlackElo "2500"]
[Annotator "TA"]
[PlyCount "104"]
[EventDate "2020.08.31"]
[EventType "swiss"]
[EventCountry "ITA"]
[SourceTitle "playchess.com"]
[Source "ChessBase"]
[SourceQuality "1"]

{[%evp 10,104,21,32,31,34,25,12,20,0,3,0,0,0,16,0,16,14,30,19,26,23,32,18,14,12,14,0,0,0,75,0,6,0,0,0,0,0,0,-1,0,-14,-18,-10,-6,-37,-37,-37,0,-19,-11,-69,-69,-69,-69,-72,-82,-72,-70,-92,-88,-71,-76,-93,-90,-90,-85,-104,-104,-104,-104,-104,-104,-165,-104,-104,-104,-104,-104,-150,-141,-187,-166,-252,-247,-258,-259,-250,-227,-237,-179,-295,-275,-5477,-5110,-2324,-2118]} 1. e4 c6 2. Nc3 d5 3. Nf3 dxe4 4. Nxe4 Nf6 5. Qe2 Nxe4 6. Qxe4 Qa5 {B11: Caro-Kann: Two Knights Variation.} 7. Bc4 Bf5 8. Qf4 {And now b4! would win.} e6 {The position is equal.} 9. c3 Be7 10. d4 Nd7 11. O-O O-O {[#]} 12. Bd2 $146 ({Predecessor:} 12. a4 Rac8 13. Nh4 Bc2 14. Re1 Qh5 15. Nf3 Nb6 16. Bf1 Bf6 17. Ne5 a5 18. h3 {0-1 (37) Nayhebaver,M (2471)-Tica,S (2444) Le Castella 2018}) 12... Rad8 13. a4 {[%cal Ba2a4,Ba4a5][%mdl 32]} Bg6 14. b4 $36 {[%mdl 2048] Black is under pressure.} Qf5 15. a5 Nf6 16. Qxf5 Bxf5 17. Ra2 Ne4 18. Be1 Bf6 19. Be2 Rfe8 (19... Nd6 $11) 20. Ne5 {[#]} (20. a6 $1 $16) 20... c5 $1 $11 {[%mdl 512]} 21. Bb5 ({Don't play} 21. f3 Nxc3 $1 {[%mdl 512]} 22. Bxc3 cxd4 $17) (21. bxc5 Bxe5) 21... Re7 22. bxc5 {Hoping for f3.} Bxe5 23. dxe5 {Strongly threatening f3.} Nxc5 24. f3 h6 25. Bh4 g5 26. Bf2 Rc7 27. g4 Bg6 28. h4 $1 Nd3 29. Bxd3 Bxd3 30. Rc1 ({Better is} 30. Rd1 $11 Rd5 31. hxg5) 30... Bc4 $1 $15 {[%cal Rc4a2]} 31. Rb2 Rd3 32. hxg5 hxg5 33. Bxa7 Rxf3 34. Rf2 Rg3+ 35. Rg2 Rd3 36. Kf2 Bd5 {White must now prevent ...Rd2+.} 37. Rg3 Rd2+ 38. Ke1 Rh2 39. Bg1 Ra2 40. Rd1 Rc4 {aiming for ...Re4+.} 41. Bd4 {[#]} (41. Rd4 $17 {was worth a try.}) 41... Rca4 (41... Rh2 $1 $19 42. Rd2 Rh4) 42. Rd2 $17 Ra1+ 43. Rd1 Rxa5 44. Rh3 Kg7 45. Be3 Kg6 46. Rh8 (46. Rxa1 {is a better defense.} Rxa1+ 47. Kd2) 46... Rxd1+ $19 47. Kxd1 {[%mdl 4096] Endgame KRB-KRB} Bf3+ {[%mdl 64] Discovered Attack} 48. Kd2 {If White can now play Rg8+ this consolidates a bit.} Rxe5 49. Rg8+ Kh7 50. Rf8 (50. Rxg5 $142 Rxg5 51. Bxg5) 50... Kg7 ({Less strong is} 50... Bxg4 51. Rxf7+ Kg6 52. Rxb7 $17) 51. Bd4 $2 (51. Rb8 f6 52. Kd3) 51... Kxf8 52. Bxe5 Ke7 {Accuracy: White = 69%, Black = 89%.} 0-1

[Event "7th Cattolica Open-A 2020"]
[Site "Cattolica"]
[Date "2020.09.01"]
[Round "2.6"]
[White "Mendonca, Leon Luke"]
[Black "Carlo, Emanuele"]
[Result "1/2-1/2"]
[WhiteElo "2490"]
[BlackElo "2280"]
[Annotator "TA"]
[PlyCount "78"]
[EventDate "2020.08.31"]
[EventType "swiss"]
[EventCountry "ITA"]
[SourceTitle "playchess.com"]
[Source "ChessBase"]
[SourceQuality "1"]

{[%evp 11,78,11,18,15,15,10,15,15,18,22,13,19,13,14,20,14,16,16,14,15,18,3,9,13,8,13,27,8,8,13,29,8,8,8,21,24,29,50,69,32,40,0,79,67,64,27,30,41,30,33,38,19,12,12,16,0,45,23,51,7,32,9,10,0,0,-22,-22,-40,-40]} 1. d4 Nf6 2. c4 e6 3. Nf3 d5 4. g3 dxc4 5. Bg2 a6 6. O-O Nc6 7. Bg5 {E04: Open Catalan: 5 Nf3.} Be7 8. e3 O-O $1 {[%mdl 4] is currently scoring better than 8...Bd7.} 9. Nbd2 {The position is equal.} e5 $1 10. Nxe5 Nxe5 11. dxe5 Ng4 12. Bxe7 Qxe7 13. Nxc4 Nxe5 14. Nxe5 Qxe5 15. Qb3 c6 {[#]} 16. Qb6 $146 ({Predecessor:} 16. Rfd1 Qc7 17. Qc3 a5 18. a3 Qe7 19. Rd4 Be6 20. Rad1 h6 21. R1d2 Qc7 22. h4 {½-½ (41) Meier,G (2621)-Huschenbeth,N (2605) Magdeburg 2020}) 16... a5 17. Rfd1 Ra6 18. Qb3 Qe7 19. Rd4 Be6 20. Qc3 Rb6 21. b3 Rb4 22. Rad1 h5 23. h4 Ra8 24. Rd6 Qf6 25. Qd2 Rb5 26. Qc2 g6 (26... a4 $11) 27. Bh3 $16 Re8 28. Bxe6 Rxe6 29. Rd8+ Kg7 30. R8d4 Qe5 31. Rd7 Re7 32. Rd8 Re8 33. R8d4 Re6 34. Qd2 $36 {[%mdl 2048] White has some pressure.} Rf6 35. Qe2 Re6 36. R1d2 Rb4 {[#] Strongly threatening ...Rxd4.} 37. Rxb4 axb4 38. Qc4 Rd6 39. Rxd6 ({Wrong is} 39. Qxb4 $2 c5 $19) 39... Qxd6 {Accuracy: White = 86%, Black = 93%.} 1/2-1/2

[Event "7th Cattolica Open-A 2020"]
[Site "Cattolica"]
[Date "2020.09.01"]
[Round "2.7"]
[White "Orfini, Nicolo`"]
[Black "Reimanis, Ritvars"]
[Result "0-1"]
[WhiteElo "2225"]
[BlackElo "2421"]
[Annotator "TA"]
[PlyCount "76"]
[EventDate "2020.08.31"]
[EventType "swiss"]
[EventCountry "ITA"]
[SourceTitle "playchess.com"]
[Source "ChessBase"]
[SourceQuality "1"]

{[%evp 9,76,0,10,-1,0,-2,0,0,7,0,18,7,14,8,10,10,10,0,0,0,0,0,10,0,0,0,29,-6,-15,-16,-4,-44,-17,-86,-82,-76,-79,-75,-65,-121,-120,-119,-118,-120,-81,-96,-88,-106,-106,-116,-112,-112,-104,-161,-161,-198,-193,-178,-151,-164,-153,-203,-201,-212,-202,-258,-235,-378,-360]} 1. e4 e5 2. Nf3 Nc6 3. d3 d6 4. g3 f5 5. Bg2 Be7 6. c3 {C44: Ponziani Opening and Scotch Gambit.} fxe4 7. dxe4 Be6 {[#]} 8. Qe2 $146 {The position is equal.} ({Predecessor:} 8. Nbd2 Qd7 9. Qe2 h5 10. Nc4 h4 11. Ng5 hxg3 12. hxg3 Rxh1+ 13. Bxh1 Bxg5 14. Bxg5 {0-1 (43) Awenius,A-Schulze,H Germany 1989}) 8... Qd7 9. Ng5 Bg4 10. f3 Bxg5 11. Bxg5 Bh3 12. Bxh3 Qxh3 13. Na3 h6 14. Be3 Nge7 15. O-O-O Qe6 16. Qc4 Qxc4 17. Nxc4 O-O 18. f4 exf4 19. gxf4 Rae8 20. Rhg1 Kh7 21. Rg3 (21. Kc2 $11) 21... Ng8 $17 22. e5 b5 23. Na3 dxe5 24. Rd7 ({White should try} 24. fxe5 $15 Rxe5 25. Rd7 Rf1+ 26. Kd2) 24... Re7 25. Rxe7 Ngxe7 26. fxe5 Nf5 27. Rh3 {[#]} a6 $1 {[%cal Ba7a6,Ba6a5][%mdl 32]} 28. Nc2 Nxe5 29. Bf4 Re8 30. Nb4 a5 31. Bxe5 (31. Nd3 $17 {is a better defense.} Nxd3+ 32. Rxd3) 31... Rxe5 {[%mdl 4096] Endgame KRN-KRN} 32. Nc6 {[#]} Re1+ $1 33. Kd2 Ra1 34. a3 a4 35. c4 bxc4 36. Ne5 Nd6 37. Kc3 Rc1+ 38. Kb4 (38. Kd2 {was forced.} Rb1 39. Kc3) 38... Rc2 {Accuracy: White = 69%, Black = 93%.} 0-1

[Event "7th Cattolica Open-A 2020"]
[Site "Cattolica"]
[Date "2020.09.01"]
[Round "2.8"]
[White "Solomon, Kenny"]
[Black "Alanic, Xavier"]
[Result "1/2-1/2"]
[WhiteElo "2352"]
[BlackElo "2249"]
[Annotator "TA"]
[PlyCount "115"]
[EventDate "2020.08.31"]
[EventType "swiss"]
[EventCountry "ITA"]
[SourceTitle "playchess.com"]
[Source "ChessBase"]
[SourceQuality "1"]

{[%evp 16,115,52,58,63,58,68,70,69,51,50,35,58,50,54,0,22,22,58,65,64,30,33,29,40,29,57,26,63,59,97,97,89,95,113,96,95,91,97,108,95,106,105,62,66,9,10,0,0,0,0,0,0,0,0,0,0,0,0,-24,-24,-24,-24,-24,-24,-24,-24,-24,-24,-24,-24,-24,0,0,0,0,0,0,0,0,0,0,0,0,0,0,0,0,0,0,0,0,0,0,0,0,0,0,0,0,0,0]} 1. d4 d5 2. Nf3 Nf6 3. c4 e6 4. g3 c5 5. cxd5 exd5 6. Bg2 Nc6 7. O-O h6 8. Nc3 Be6 9. b3 Rc8 {D33: Tarrasch Defence: 6 g3 sidelines.} 10. Bb2 b6 11. Rc1 Be7 {White is slightly better.} 12. Qd3 O-O 13. Rfd1 Qc7 {[#]} 14. Qb1 $146 ({Predecessor:} 14. e3 Rfd8 15. Ne2 Nb4 16. Qb1 Ne4 17. dxc5 Bf5 18. Qa1 bxc5 19. Bxg7 Qd7 20. Nf4 f6 21. Bxh6 Qb7 22. Nh4 {1-0 (22) Summerscale,A (2410)-Carton,N (2265) London 1994}) 14... Rfd8 15. Qa1 ({White should try} 15. e3 $14) 15... Qb8 16. e3 Na5 17. dxc5 bxc5 18. Na4 c4 19. Be5 Qb7 20. Nd4 Bg4 21. Rf1 (21. Re1 {feels hotter.} Nc6 22. Nxc6 Rxc6 23. bxc4 Qa6 24. Nc3) 21... cxb3 22. axb3 Rxc1 23. Rxc1 {And now h3 would win.} Rc8 24. Rxc8+ Qxc8 25. Qc3 Qxc3 26. Nxc3 Be6 27. Ncb5 Bc5 28. Bc7 Nb7 29. Bb8 a5 30. Ba7 (30. Kf1 $14) 30... Kf8 $11 31. h3 Bxa7 32. Nxa7 Ke7 33. Nab5 Bd7 34. Kf1 Ne4 35. Ke2 g6 36. h4 h5 (36... Nbc5 {is interesting.} 37. Na3 Kd6 38. Nab5+ Ke5 39. Na3 Ne6) 37. Ke1 Bxb5 38. Nxb5 {[%mdl 4096] Endgame KBN-KNN} Nbc5 39. Nd4 Nd3+ {[%mdl 64] [#] Double Attack} 40. Ke2 Ndxf2 41. Nc6+ Kd6 42. Nxa5 Ng4 43. Nb7+ Kc7 44. Bxe4 $1 {The position is equal.} dxe4 {KN-KN} 45. Nc5 f5 46. Ne6+ Kd6 47. Nf4 Ne5 48. Kd2 Kc6 49. Kc3 Kc5 50. b4+ Kc6 51. Kd4 Nf3+ 52. Kc3 Ne5 53. Ne6 Kd5 54. Nf8 Kc6 55. Ne6 Kd5 56. Nf4+ Kc6 57. Kd4 Nf3+ 58. Kc3 {Accuracy: White = 88%, Black = 93%.} 1/2-1/2

[Event "7th Cattolica Open-A 2020"]
[Site "Cattolica"]
[Date "2020.09.01"]
[Round "2.9"]
[White "Burdot, Louis"]
[Black "Degraeve, Remy"]
[Result "0-1"]
[WhiteElo "1847"]
[BlackElo "2349"]
[Annotator "TA"]
[PlyCount "66"]
[EventDate "2020.08.31"]
[EventType "swiss"]
[EventCountry "ITA"]
[SourceTitle "playchess.com"]
[Source "ChessBase"]
[SourceQuality "1"]

{[%evp 17,66,0,7,-6,0,-16,-16,-24,-18,-29,-20,-51,-51,-44,-22,-50,8,0,22,0,24,20,46,20,50,33,58,37,100,102,108,109,112,97,125,108,207,199,411,-21,-22,-1379,-1347,-2055,-2033,-1848,-1769,-2474,-2007,-1580,-1576]} 1. e4 e5 2. Nf3 Nc6 3. Bb5 a6 4. Ba4 Nf6 5. O-O Be7 6. Re1 b5 7. Bb3 O-O 8. d3 d6 9. h3 Na5 10. c3 {C90: Closed Ruy Lopez with 7...d6: Early deviations.} Nxb3 11. Qxb3 c5 12. Nbd2 {The position is equal.} Re8 13. Nf1 h6 {[#]} 14. Ne3 $146 ({Predecessor:} 14. Ng3 Bf8 15. Be3 Bb7 16. Rad1 d5 17. Qc2 d4 18. cxd4 cxd4 19. Bd2 Nd7 20. Rc1 {0-1 (31) De Kraker,L (1844)-Freeke,M (2354) Vlissingen 2016}) 14... c4 15. Qc2 d5 16. dxc4 dxe4 (16... dxc4 $15 17. Rd1 (17. Nxe5 Bb7 $15) 17... Qb6) 17. Nxe5 $11 Qc7 18. N5g4 Nxg4 19. hxg4 Bb7 20. Qe2 Qe5 21. Nf5 Bf8 22. Be3 h5 (22... bxc4 $14 23. Rad1 (23. Qxc4 h5 $14) 23... Qb5) 23. Bd4 $16 Qe6 24. Ne3 hxg4 25. cxb5 f5 {[#] intending ...f4.} 26. g3 $1 Rac8 (26... axb5 $16 27. Qxb5 {[%mdl 64] Double Attack} Bc8) 27. a4 Bd6 $2 (27... Rc7 {was necessary.} 28. b4 axb5 29. Qxb5 (29. axb5 Rf7 $18) 29... Rf7) 28. Ng2 $2 (28. bxa6 $18 Bc6 29. b4) 28... e3 $11 {Hoping for ...Qe4.} 29. Qxe3 $2 {[%mdl 8192] [#] Loses the game.} (29. bxa6 $11 Bc6 30. Bxe3) 29... Qd5 $1 $19 {[%csl Gb7,LRb5,LRe3,LRg2][%cal Rd5g2][%mdl 576] Double Attack. Black is clearly winning.} 30. f3 Rxe3 31. Rxe3 gxf3 {aiming for ...f2+!} 32. Nf4 Bxf4 33. gxf4 {[#]} f2+ $1 {[%mdl 64] Decoy. Accuracy: White = 48%, Black = 58%.} 0-1